Unsui : A diary of Zen monastic life
The daily life of the monastery is portrayed here in ninety-seven watercolor sketches. Drawn during his last years by the Zen monk Giei Sato, these sketches recollect his days as an unsui, an apprentice monk. With humor and steadfast warmth Sato depicts the day of leaving home and the day of returni...
Salvato in:
| Autore principale: | |
|---|---|
| Natura: | Libro |
| Lingua: | Undetermined |
| Pubblicazione: |
Honolulu
University Press of Hawaii
1973
|
| Soggetti: | |
| Tags: |
Aggiungi Tag
Nessun Tag, puoi essere il primo ad aggiungerne! !
|
| Thư viện lưu trữ: | Trung tâm Học liệu Trường Đại học Cần Thơ |
|---|
| LEADER | 01295nam a2200217Ia 4500 | ||
|---|---|---|---|
| 001 | CTU_227538 | ||
| 008 | 210402s9999 xx 000 0 und d | ||
| 082 | |a 294.3657 | ||
| 082 | |b S253 | ||
| 100 | |a Satō, Giei | ||
| 245 | 0 | |a Unsui : | |
| 245 | 2 | |b A diary of Zen monastic life | |
| 245 | 0 | |c Drawings by Giei Satō ; Text by Eshin Nishimura ; Edited and with introd. by Bardwell L. Smith. | |
| 260 | |a Honolulu | ||
| 260 | |b University Press of Hawaii | ||
| 260 | |c 1973 | ||
| 520 | |a The daily life of the monastery is portrayed here in ninety-seven watercolor sketches. Drawn during his last years by the Zen monk Giei Sato, these sketches recollect his days as an unsui, an apprentice monk. With humor and steadfast warmth Sato depicts the day of leaving home and the day of returning; the rainy season and the snowy season; the chores, the celebrations, the days of cleaning, and the days of begging. Each of the charming drawings is enhanced by a brief description of the event portrayed, a touch of Zen teaching, or a note on monastic life. | ||
| 650 | |a Đời sống tôn giáo và tu viện (thiền môn),Monastic and religious life (Zen Buddhism) | ||
| 650 | |z Nhật Bản,Japan | ||
| 910 | |b dqhieu | ||
| 980 | |a Trung tâm Học liệu Trường Đại học Cần Thơ | ||